[Event "Championnat de Paris Open A"]
[Site "Paris"]
[Date "2012.07.14"]
[Round "8.22"]
[White "Caille, Vincent"]
[Black "Bourges, Jerome"]
[Result "1/2-1/2"]
[WhiteElo "1903"]
[BlackElo "2069"]
[PlyCount "79"]

1. e4 e6 2. Nc3 d5 3. d4 Nf6 4. e5 Nfd7 5. f4 c5 6. Nf3 Nc6 7. Be3 Be7 8. Bd3
Qb6 9. dxc5 Nxc5 10. O-O Qd8 11. Bxc5 Bxc5+ 12. Kh1 h6 13. Qe1 Nb4 14. Qg3 O-O
15. Rad1 Nxd3 16. Rxd3 f5 17. Qh3 b6 18. Nd4 Qe8 19. Rfd1 Bd7 20. Rg3 Kh8 21.
Rg5 Be7 22. Rh5 Qg6 23. Qf3 Rac8 24. Rd3 Qg4 25. Rh3 Qxf3 26. Rhxf3 g5 27. g3
Kh7 28. Nce2 {=} Kg6 29. a4 Rfe8 30. b3 g4 31. Rf1 a6 32. Ra1 Rc5 33. c3 Kf7
34. b4 Rc4 35. a5 h5 36. Kg2 Rec8 37. Rb1 b5 38. Rb2 Bf8 39. Rb1 {=} Be7 40.
Kf2 1/2-1/2

[Event "Championnat de Paris Open A"]
[Site "Paris"]
[Date "2012.07.14"]
[Round "8.23"]
[White "Smati, Reda"]
[Black "Aurel, Luc"]
[Result "0-1"]
[WhiteElo "2049"]
[BlackElo "2175"]
[PlyCount "68"]

1. e4 e5 2. Nf3 Nc6 3. d4 Qf6 4. d5 Nce7 5. Nc3 a6 6. Be3 Ng6 7. Qd2 Qd8 8. Bd3
Nf6 9. h3 b6 10. Ne2 Bc5 11. Bxc5 bxc5 12. Qe3 d6 13. O-O-O h6 14. g3 O-O 15.
Nd2 Re8 16. Rdg1 Bd7 17. g4 Nh7 18. Qg3 Qh4 19. Qg2 Ng5 20. Kb1 Bb5 21. Qh2
Rab8 22. c4 Bd7 23. f4 exf4 24. Nxf4 Nxf4 25. Qxf4 Re7 26. Rg3 Nh7 27. e5 dxe5
28. Bxh7+ Kxh7 29. Qe4+ f5 30. Qg2 e4 31. gxf5 e3 32. f6 Qxf6 33. Nb3 Bf5+ 34.
Ka1 Be4 0-1

[Event "Championnat de Paris Open A"]
[Site "Paris"]
[Date "2012.07.14"]
[Round "8.24"]
[White "Aflalo, Sophie"]
[Black "Pluyaud, Benoit"]
[Result "1-0"]
[WhiteElo "2046"]
[BlackElo "2150"]
[PlyCount "51"]

1. e4 c6 2. d4 d5 3. exd5 cxd5 4. c4 e6 5. Nf3 Nf6 6. Bg5 Be7 7. Nc3 O-O 8. Bd3
dxc4 9. Bxc4 a6 10. O-O Qc7 11. Bb3 Rd8 12. Qe2 b5 13. d5 b4 14. Bxf6 Bxf6 15.
Ne4 exd5 16. Nxf6+ gxf6 17. Rfd1 Be6 18. Rac1 Qd6 19. Nd4 Qe5 20. Qd3 Ra7 21.
Re1 Rc7 22. Bc2 Rxc2 23. Nxc2 Qxb2 24. Nd4 Nd7 25. Qg3+ Kf8 26. Nxe6+ 1-0

[Event "Championnat de Paris Open A"]
[Site "Paris"]
[Date "2012.07.14"]
[Round "8.25"]
[White "Valenti, Richard"]
[Black "Lam-Roques, Kalvin"]
[Result "1-0"]
[WhiteElo "2149"]
[BlackElo "2039"]
[PlyCount "63"]

1. e4 c5 2. Nf3 Nc6 3. d3 g6 4. g3 Bg7 5. Bg2 b5 6. a4 b4 7. O-O Rb8 8. Nbd2 d6
9. Nc4 e6 10. Bf4 e5 11. Bc1 Nge7 12. Nfd2 Be6 13. f4 Qd7 14. f5 gxf5 15. exf5
Bxf5 16. Ne4 Bxe4 17. dxe4 Rd8 18. Qh5 Ng6 19. Bh3 Qe7 20. Ne3 Nd4 21. Nd5 Qb7
22. Bg5 O-O 23. c3 bxc3 24. bxc3 Nc6 25. Rab1 Qa6 26. Bxd8 Rxd8 27. a5 Qc4 28.
Rb7 Qxe4 29. Rfxf7 Qxd5 30. Be6 Qxe6 31. Rxg7+ Kf8 32. Qxh7 1-0

[Event "Championnat de Paris Open A"]
[Site "Paris"]
[Date "2012.07.14"]
[Round "8.26"]
[White "Quach, Charlie"]
[Black "Guerlach, Frederic"]
[Result "1-0"]
[WhiteElo "2141"]
[BlackElo "2038"]
[PlyCount "83"]

1. d4 d5 2. c4 e6 3. Nc3 c6 4. Nf3 dxc4 5. a4 Bb4 6. e3 b5 7. Ne5 Nf6 8. Bd2 a5
9. Be2 Bb7 10. O-O Bxc3 11. bxc3 Nbd7 12. f4 Nxe5 13. fxe5 Nd5 14. Qc2 Nb6 15.
Rfb1 Qd7 16. Qb2 Nxa4 17. Rxa4 bxa4 18. Qxb7 Qxb7 19. Rxb7 O-O 20. Rb2 Rfb8 21.
Ra2 a3 22. Bxc4 Rb2 23. Bc1 Rab8 24. Bxb2 axb2 25. Bd3 b1=Q+ 26. Bxb1 Rxb1+ 27.
Kf2 h5 28. Rxa5 Rb5 29. h4 Kh7 30. Kf3 g5 31. hxg5 Kg6 32. Ra7 Rb1 33. Rc7 Rf1+
34. Ke2 Rf5 35. Rxc6 Kxg5 36. Rc8 h4 37. Rg8+ Kh6 38. c4 Kh7 39. Rg4 Rh5 40.
Kd3 h3 41. gxh3 Rxh3 42. d5 1-0

[Event "Championnat de Paris Open A"]
[Site "Paris"]
[Date "2012.07.14"]
[Round "8.27"]
[White "Vallepin, Cedric"]
[Black "Lepot, Simon"]
[Result "1-0"]
[WhiteElo "2125"]
[BlackElo "2037"]
[PlyCount "67"]

1. d4 Nf6 2. c4 g6 3. Nc3 Bg7 4. e4 d6 5. f4 O-O 6. Nf3 c5 7. d5 e6 8. Be2 exd5
9. cxd5 Bg4 10. h3 Bxf3 11. Bxf3 Nbd7 12. O-O Re8 13. Re1 Qa5 14. a4 c4 15. Re2
Nc5 16. Ra3 Nfd7 17. Nb5 Qb6 18. Be3 a6 19. Nc3 Qb4 20. Bd4 Nd3 21. Bxg7 Kxg7
22. Qd2 b5 23. Kh2 Qc5 24. axb5 axb5 25. Rxa8 Rxa8 26. e5 dxe5 27. Ne4 Qd4 28.
fxe5 N7xe5 29. Qg5 Nxf3+ 30. gxf3 h6 31. Qe7 Ra1 32. Rg2 Nf4 33. Nd6 Qf6 34.
Ne8+ 1-0

[Event "Championnat de Paris Open A"]
[Site "Paris"]
[Date "2012.07.14"]
[Round "8.28"]
[White "Jaulin, Marc"]
[Black "Leclercq, Benoit"]
[Result "1-0"]
[WhiteElo "2046"]
[BlackElo "2123"]
[PlyCount "53"]

1. e4 c5 2. Nf3 Nc6 3. Bb5 d6 4. Bxc6+ bxc6 5. O-O e5 6. c3 Nf6 7. Re1 Bg4 8.
h3 Bh5 9. d4 cxd4 10. cxd4 Qc7 11. g4 Bg6 12. Nc3 Be7 13. Bg5 h5 14. dxe5 dxe5
15. Nh4 hxg4 16. Nxg6 fxg6 17. hxg4 Rd8 18. Qe2 Rd4 19. Rad1 Qd7 20. f3 Bc5 21.
Be3 Nxg4 22. fxg4 Rxd1 23. Nxd1 Be7 24. Kg2 Qe6 25. b3 a6 26. Nf2 c5 27. Rc1
1-0

[Event "Championnat de Paris Open A"]
[Site "Paris"]
[Date "2012.07.14"]
[Round "8.29"]
[White "Selvi, Laurent"]
[Black "Guiot, Jerome"]
[Result "1-0"]
[WhiteElo "2036"]
[BlackElo "2110"]
[PlyCount "105"]

1. d4 Nf6 2. Nf3 d5 3. c4 c6 4. cxd5 cxd5 5. Nc3 Nc6 6. Bf4 Ne4 7. e3 Nxc3 8.
bxc3 g6 9. Rb1 Bg7 10. Bd3 O-O 11. O-O f6 12. c4 e5 13. dxe5 Nxe5 14. cxd5 Qxd5
15. Bxe5 fxe5 16. Qc2 Be6 17. Be4 Qxa2 18. Qxa2 Bxa2 19. Rxb7 a5 20. Ra1 Bc4
21. Rxg7+ Kxg7 22. Bxa8 Rxa8 23. Nxe5 Bb3 24. Nc6 a4 25. Nd4 Bc4 26. Ra3 Kf6
27. f3 Ke5 28. Kf2 Kd5 29. Ke1 Kc5 30. Kd2 Bf1 31. g3 Bg2 32. Kc3 Bh3 33. g4
Bf1 34. Ne6+ Kd6 35. Ng5 h6 36. Ne4+ Kc6 37. Kb4 Be2 38. Nd2 Rd8 39. Nc4 Bd1
40. Ne5+ Kc7 41. Rc3+ Kb7 42. h4 g5 43. hxg5 hxg5 44. Nf7 Rf8 45. Nxg5 Bxf3 46.
Ne6 Re8 47. Nc5+ Kc6 48. Ne4+ Kb6 49. Nf6 Rd8 50. Kxa4 Rd6 51. g5 Bc6+ 52. Kb3
Kc7 53. Ne8+ 1-0

[Event "Championnat de Paris Open A"]
[Site "Paris"]
[Date "2012.07.14"]
[Round "8.30"]
[White "Szylar, Eric"]
[Black "Trommsdorf, Fro"]
[Result "1-0"]
[WhiteElo "2105"]
[BlackElo "2037"]
[PlyCount "71"]

1. e4 c5 2. Nf3 e6 3. d4 cxd4 4. Nxd4 Nc6 5. Be3 Nf6 6. Nc3 Bb4 7. Bd3 a6 8.
O-O Qc7 9. a3 Be7 10. Kh1 b5 11. f4 Bb7 12. Nb3 d6 13. Qe2 O-O 14. Bg1 Rfe8 15.
Rae1 Bf8 16. Rf3 b4 17. axb4 Nxb4 18. Rh3 e5 19. f5 d5 20. exd5 Nbxd5 21. Nxd5
Bxd5 22. Bxa6 Rxa6 23. Qxa6 Qxc2 24. Re2 Qxf5 25. Rhe3 Ng4 26. Rc3 Qf1 27. Qd3
Bxb3 28. h3 Be6 29. hxg4 Bxg4 30. Rd2 Qa1 31. Qe4 h5 32. Rcd3 Rc8 33. Rd8 Rc1
34. Qe3 g6 35. Kh2 Re1 36. Qh6 1-0

[Event "Championnat de Paris Open A"]
[Site "Paris"]
[Date "2012.07.15"]
[Round "9.2"]
[White "Maisuradze, Nino"]
[Black "Sochacki, Wojtek"]
[Result "1/2-1/2"]
[WhiteElo "2268"]
[BlackElo "2263"]
[PlyCount "39"]

1. d4 Nf6 2. Nf3 e6 3. Bg5 Be7 4. Nbd2 h6 5. Bxf6 Bxf6 6. e4 d6 7. e5 Be7 8.
Bb5+ Nd7 9. Qe2 a6 {=} 10. Bd3 dxe5 11. Nxe5 Nxe5 12. dxe5 Qd4 13. O-O-O Bd7
14. Rhe1 Qa4 15. Kb1 Bc6 16. Qh5 Qh4 17. Qxh4 Bxh4 18. g3 Be7 19. Be4 Bxe4 20.
Nxe4 1/2-1/2

[Event "Championnat de Paris Open A"]
[Site "Paris"]
[Date "2012.07.15"]
[Round "9.3"]
[White "Fedoryshyn, Ievgenii"]
[Black "Toulzac, Pierre-Yves"]
[Result "1-0"]
[WhiteElo "2188"]
[BlackElo "2273"]
[PlyCount "61"]

1. e4 e5 2. Nf3 d6 3. d4 exd4 4. Nxd4 Nf6 5. Nc3 Be7 6. Be2 O-O 7. O-O Re8 8.
f4 Bf8 9. Bf3 a6 10. g4 c5 11. Nf5 Nc6 12. g5 Nxe4 13. Bxe4 Rxe4 14. Nh6+ gxh6
15. Nxe4 Bg7 16. c3 Bf5 17. Nxd6 Bd4+ 18. cxd4 Qxd6 19. dxc5 Qxc5+ 20. Rf2 Rd8
21. Qe1 Rd3 22. gxh6 Kf8 23. Bd2 Rh3 24. Rc1 Qb5 25. a3 Rxh6 26. Bb4+ Kg7 27.
Rc3 Re6 28. Rg3+ Kh6 29. Bf8+ Kh5 30. Qd1+ Kh4 31. Rg5 1-0

[Event "Championnat de Paris Open A"]
[Site "Paris"]
[Date "2012.07.15"]
[Round "9.4"]
[White "Gervasio, Ricardo"]
[Black "Ribeiro, Romain"]
[Result "0-1"]
[WhiteElo "2267"]
[BlackElo "2204"]
[PlyCount "181"]

1. d4 Nf6 2. Bg5 Ne4 3. Bf4 d5 4. f3 Nf6 5. Nc3 Nh5 6. Bg5 Qd6 7. e4 c6 8. e5
Qg6 9. Qd2 f6 10. Be3 f5 11. Bd3 Qf7 12. f4 g6 13. Nf3 h6 14. Ne2 b6 15. Rc1
Ba6 16. O-O Ng7 17. b3 Bxd3 18. Qxd3 e6 19. c4 Ba3 20. Rb1 a5 21. Bc1 Bxc1 22.
Rfxc1 O-O 23. cxd5 exd5 24. Rc2 Ne6 25. Rbc1 Ra7 26. Qd2 Qe7 27. Rc3 Rf7 28.
Ne1 Rg7 29. Rh3 Kh7 30. Nf3 Qb4 31. Qe3 a4 32. Ne1 h5 33. Nc2 Qf8 34. b4 Na6
35. a3 c5 36. Nc3 Qd8 37. Nb5 Rad7 38. Nd6 c4 39. Qf3 Nac7 40. Rd1 Rxd6 41.
exd6 Qxd6 42. Rf1 Kg8 43. Qe3 Re7 44. Qf2 Ne8 45. Qh4 Kf7 46. Re1 Nf6 47. Rf3
Ne4 48. h3 Ng7 49. Re2 Qf6 50. Qxf6+ Kxf6 51. b5 Ne6 52. Re1 Ra7 53. Nb4 Rd7
54. Nc6 Nc7 55. g4 Nxb5 56. Rfe3 Rd6 57. Nb4 Ke6 58. Nc2 hxg4 59. hxg4 fxg4 60.
Kg2 Kf5 61. Rf1 Rd7 62. Ree1 Nbc3 63. Ne3+ Ke6 64. f5+ gxf5 65. Rxf5 g3 66.
Re5+ Kd6 67. Rxd5+ Nxd5 68. Nxc4+ Kc7 69. Rxe4 Nc3 70. Re6 b5 71. Ne5 Rd6 72.
Re7+ Kb6 73. Nf3 Nd5 74. Re8 Rg6 75. Rb8+ Ka6 76. Ng1 Ne3+ 77. Kf3 Nc2 78. d5
Nxa3 79. Rc8 Rd6 80. Ke4 Nc4 81. Ne2 a3 82. Nxg3 Nb6 83. Kd4 Rxd5+ 84. Kc3 Na4+
85. Kc2 Rc5+ 86. Kd2 Rg5 87. Rc6+ Ka5 88. Ne2 Rd5+ 89. Kc2 a2 90. Nc1 Rc5+ 91.
Kb3 0-1

[Event "Championnat de Paris Open A"]
[Site "Paris"]
[Date "2012.07.15"]
[Round "9.5"]
[White "Louis, Thibault"]
[Black "Rene, Benoit"]
[Result "0-1"]
[WhiteElo "2151"]
[BlackElo "2262"]
[PlyCount "96"]

1. e4 g6 2. d4 Bg7 3. Nc3 d6 4. f4 Nf6 5. Nf3 O-O 6. Bd3 Na6 7. O-O c5 8. d5
Bg4 9. h3 Bxf3 10. Qxf3 Nb4 11. a3 Nxd3 12. Qxd3 a6 13. Be3 Qc7 14. Rae1 Rad8
15. g4 b5 16. Bf2 Qb7 17. Qf3 a5 18. Kg2 b4 19. axb4 axb4 20. Nd1 e6 21. Ne3
exd5 22. exd5 Rde8 23. h4 Ne4 24. h5 Nd2 25. Qh3 Nxf1 26. Rxf1 Bd4 27. Qf3 Bxe3
28. Bxe3 Qe7 29. Bf2 Qe4 30. Ra1 Qxf3+ 31. Kxf3 Ra8 32. Rxa8 Rxa8 33. f5 Kf8
34. Bh4 gxh5 35. gxh5 Ra1 36. Bf6 Re1 37. c3 b3 38. Kg4 Rg1+ 39. Kf4 Rg2 40. c4
Rc2 41. Kg5 Rxc4 42. Kh6 Kg8 43. Be7 Rd4 44. Bxd6 Rxd5 45. Be7 c4 46. Bb4 Rxf5
47. Bc3 Rf3 48. Bd4 c3 0-1

[Event "Championnat de Paris Open A"]
[Site "Paris"]
[Date "2012.07.15"]
[Round "9.6"]
[White "Manoeuvre, Antoine"]
[Black "Gautier, Serge"]
[Result "1/2-1/2"]
[WhiteElo "2247"]
[BlackElo "2134"]
[PlyCount "68"]

1. d4 Nf6 2. c4 e6 3. Nc3 Bb4 4. Qc2 O-O 5. a3 Bxc3+ 6. Qxc3 d5 7. Nf3 dxc4 8.
Qxc4 b6 9. Bg5 Ba6 10. Qc2 h6 11. Bxf6 Qxf6 12. e4 Bxf1 13. Rxf1 c5 14. O-O-O
cxd4 15. e5 Qe7 16. Kb1 Na6 17. Nxd4 Rac8 18. Qe2 Nc5 19. Nb5 Nd7 20. f4 Rc5
21. Nd6 b5 22. Rc1 a6 23. Rxc5 Nxc5 24. Qe3 Nd7 25. Rc1 Nf6 26. Qb6 Nd5 27.
Qxa6 b4 28. a4 Nxf4 29. a5 Qg5 30. g3 Nd5 31. Qd3 Qxe5 32. Nc4 Qb8 33. Ne3 Nxe3
34. Qxe3 Qb5 {=} 1/2-1/2

[Event "Championnat de Paris Open A"]
[Site "Paris"]
[Date "2012.07.15"]
[Round "9.7"]
[White "Gailliegue, Florian"]
[Black "Pozdnjakov, Viatcheslav"]
[Result "0-1"]
[WhiteElo "1984"]
[BlackElo "2242"]
[PlyCount "82"]

1. d4 d5 2. c4 c6 3. Nc3 Nf6 4. e3 Bf5 5. cxd5 cxd5 6. Qb3 Bc8 7. f4 e6 8. Nf3
Nc6 9. a3 a6 10. Bd3 Be7 11. O-O b5 12. Qd1 Bb7 13. f5 exf5 14. Bxf5 Na5 15.
Ne5 O-O 16. Rf3 Bc8 17. b4 Bxf5 18. Rxf5 Qc8 19. Qd3 Nb7 20. Bd2 Nd6 21. Rxf6
Bxf6 22. Nxd5 Bd8 23. e4 f6 24. Nf3 Qe6 25. Re1 Re8 26. Nf4 Qc4 27. e5 Qxd3 28.
Nxd3 Nc4 29. Bc1 fxe5 30. dxe5 Bb6+ 31. Kf1 Rad8 32. Nf4 Bc7 33. e6 Bxf4 34.
Bxf4 Nxa3 35. Ng5 Rd4 36. g3 Nc2 37. Rc1 Rc4 38. Rd1 Rxf4+ 39. Kg1 Rd4 40. Rc1
Rc4 41. Rf1 h6 0-1

[Event "Championnat de Paris Open A"]
[Site "Paris"]
[Date "2012.07.15"]
[Round "9.9"]
[White "Baron, Thierry"]
[Black "Yacob, Francois"]
[Result "1-0"]
[WhiteElo "2274"]
[BlackElo "2145"]
[PlyCount "99"]

1. e4 c5 2. Nf3 Nc6 3. d4 cxd4 4. Nxd4 Nf6 5. Nc3 e5 6. Ndb5 d6 7. Bg5 a6 8.
Na3 b5 9. Nd5 Be7 10. Bxf6 Bxf6 11. c3 O-O 12. Nc2 Bg5 13. a4 bxa4 14. Rxa4 a5
15. Bc4 Be6 16. O-O Ne7 17. Qd3 Bxd5 18. Bxd5 Rb8 19. Ra2 Qc7 20. Na3 Qc5 21.
Nc4 Nxd5 22. Qxd5 Qxd5 23. exd5 Rb5 24. Rxa5 Rxa5 25. Nxa5 Rc8 26. Nc6 Ra8 27.
Rb1 f5 28. b4 Bd8 29. Kf1 Bb6 30. Ne7+ Kh8 31. Nxf5 Rf8 32. Nxd6 Rxf2+ 33. Ke1
Rxg2 34. Rd1 Rxh2 35. c4 Bd4 36. Kf1 Be3 37. c5 Rf2+ 38. Ke1 Rc2 39. Ne4 Kg8
40. Rb1 h5 41. b5 Rg2 42. Rb4 h4 43. b6 h3 44. b7 h2 45. b8=Q+ Kh7 46. Nf6+
gxf6 47. Rb7+ Rg7 48. Rxg7+ Kxg7 49. Qb7+ Kg6 50. d6 1-0

[Event "Championnat de Paris Open A"]
[Site "Paris"]
[Date "2012.07.15"]
[Round "9.10"]
[White "Rabineau, Clement"]
[Black "Carre, Sylvain"]
[Result "1-0"]
[WhiteElo "2270"]
[BlackElo "2150"]
[PlyCount "83"]

1. Nf3 Nf6 2. g3 d5 3. Bg2 c6 4. O-O Bf5 5. Nh4 Bg4 6. h3 Bh5 7. d3 e6 8. f4
Be7 9. Nd2 O-O 10. Qe1 Ne8 11. Nhf3 Bxf3 12. Nxf3 Nd7 13. e4 Nd6 14. Kh2 Kh8
15. g4 f5 16. gxf5 exf5 17. e5 Ne8 18. e6 Ndf6 19. Ne5 Nd6 20. b4 Kg8 21. Bb2
Qc8 22. Bf3 Qxe6 23. Nxc6 Qxe1 24. Raxe1 bxc6 25. Rxe7 Rfe8 26. Bxf6 gxf6 27.
Rg1+ Kh8 28. Rd7 Red8 29. Rgg7 Rxd7 30. Rxd7 Nb5 31. c4 Nc3 32. cxd5 cxd5 33.
Bxd5 Re8 34. Bc4 Nxa2 35. b5 Re2+ 36. Kg3 Nb4 37. Rxa7 h5 38. b6 Nc6 39. b7 Rb2
40. Ra8+ Kg7 41. Bd5 h4+ 42. Kxh4 1-0

[Event "Championnat de Paris Open A"]
[Site "Paris"]
[Date "2012.07.15"]
[Round "9.15"]
[White "Aurel, Luc"]
[Black "Martin, Axel"]
[Result "1-0"]
[WhiteElo "2175"]
[BlackElo "2066"]
[PlyCount "59"]

1. c4 Nf6 2. g3 e5 3. Bg2 g6 4. Nc3 Bg7 5. d3 c6 6. Nf3 d6 7. O-O Nbd7 8. Rb1
O-O 9. b4 Qc7 10. a4 d5 11. cxd5 cxd5 12. Qb3 a5 13. Nb5 Qb6 14. Be3 d4 15. Bd2
Rd8 16. bxa5 Qc5 17. Rfc1 Qd5 18. Qc2 Ne8 19. Nfxd4 Qc5 20. Qxc5 Nxc5 21. Rxc5
exd4 22. Nc7 Bf8 23. Rc2 Nxc7 24. Rxc7 Bd6 25. Rc4 Be7 26. Bxb7 Rb8 27. a6 Be6
28. Rc2 Rdc8 29. Rxc8+ Bxc8 30. Bf4 1-0

[Event "Championnat de Paris Open A"]
[Site "Paris"]
[Date "2012.07.15"]
[Round "9.22"]
[White "Mezioud, Rimel"]
[Black "Szylar, Eric"]
[Result "1-0"]
[WhiteElo "2034"]
[BlackElo "2105"]
[PlyCount "63"]

1. e4 c5 2. Nf3 d6 3. d4 cxd4 4. Nxd4 Nf6 5. Nc3 g6 6. Be2 Nc6 7. Be3 Bg7 8.
O-O O-O 9. Kh1 d5 10. exd5 Nxd5 11. Nxd5 Qxd5 12. Bf3 Qd7 13. Nxc6 bxc6 14.
Qxd7 Bxd7 15. Rad1 Rfd8 16. Rxd7 Rxd7 17. Bxc6 Rad8 18. Bxd7 Rxd7 19. b3 Bc3
20. g3 e5 21. Kg2 e4 22. Rb1 f5 23. b4 Kf7 24. a4 Ke6 25. b5 Rc7 26. b6 axb6
27. Bxb6 Rc4 28. Rb3 Be5 29. a5 Rxc2 30. a6 Ra2 31. a7 Kd7 32. Bc5 1-0

[Event "Championnat de Paris Open A"]
[Site "Paris"]
[Date "2012.07.15"]
[Round "9.27"]
[White "Leuly, Max"]
[Black "Sauvetre, Alain"]
[Result "1/2-1/2"]
[WhiteElo "2100"]
[BlackElo "1976"]
[PlyCount "27"]

1. Nf3 Nf6 2. d4 c5 3. e3 d5 4. c4 dxc4 5. Bxc4 e6 6. O-O Be7 7. dxc5 Qxd1 8.
Rxd1 O-O 9. b3 Bxc5 10. Bb2 Nc6 11. Nc3 b6 12. Rac1 Bb7 13. h3 Rfd8 14. Kf1 {=}
1/2-1/2

[Event "Championnat de Paris Open A"]
[Site "Paris"]
[Date "2012.07.15"]
[Round "9.31"]
[White "Fournier, Dimitri"]
[Black "Ainutdinov, Alexander"]
[Result "1-0"]
[WhiteElo "1995"]
[BlackElo "2054"]
[PlyCount "47"]

1. e4 e5 2. Nf3 Nc6 3. Bb5 a6 4. Ba4 Nf6 5. O-O Be7 6. Re1 b5 7. Bb3 O-O 8. h3
Bb7 9. d3 d5 10. exd5 Nxd5 11. Nxe5 Nxe5 12. Rxe5 Qd6 13. Re1 Rae8 14. Nd2 f5
15. c4 Kh8 16. cxd5 g5 17. Nf1 f4 18. Bd2 b4 19. Re6 Qd8 20. Qh5 Bc8 21. Rh6
Bf5 22. Ba4 Bc5 23. Bxe8 Rxe8 24. Bxf4 1-0

[Event "Championnat de Paris Open A"]
[Site "Paris"]
[Date "2012.07.15"]
[Round "9.40"]
[White "Mircescu, Ovidiu"]
[Black "Daubas, Christophe"]
[Result "1/2-1/2"]
[WhiteElo "2106"]
[BlackElo "2023"]
[PlyCount "20"]

1. e4 e5 2. Nf3 Nc6 3. Bb5 a6 4. Ba4 Nf6 5. O-O b5 6. Bb3 Bb7 7. c3 Nxe4 8. Re1
Nc5 9. Nxe5 Nxe5 10. Rxe5+ Ne6 {=} 1/2-1/2